| 000 | 01218cam a22003013a 4500 | ||
|---|---|---|---|
| 001 | 2147 | ||
| 003 | PGUSA | ||
| 005 | 20140828083011.0 | ||
| 008 | 000401s2000||||xxu|||||s|||||000 1 eng d | ||
| 040 |
_aPGUSA _beng |
||
| 042 | _adc | ||
| 050 | 4 | _aPS | |
| 100 | 1 |
_aPoe, Edgar Allan, _d1809-1849 |
|
| 245 | 1 | 4 |
_aThe Works of Edgar Allan Poe — Volume 1 _h[electronic resource] / _cEdgar Allan Poe |
| 260 |
_bProject Gutenberg, _c2000 |
||
| 505 | 0 | _aEdgar Allan Poe, an appreciation -- Life of Poe, by James Russell Lowell -- Death of Poe, by N. P. Willis -- The unparalleled adventures of one Hans Pfaal -- The gold-bug -- Four beasts in one -- The murders in the Rue Morgue -- The mystery of Marie Rogêt -- The balloon hoax -- MS. found in a bottle -- The oval portrait. | |
| 506 | _aPublic domain in the USA. | ||
| 516 | _aElectronic text | ||
| 653 | _aAmerican fiction -- 19th century | ||
| 653 | _aPoe, Edgar Allan, 1809-1849 | ||
| 653 | _aFantasy fiction | ||
| 653 | _aHorror tales, American | ||
| 700 | 1 |
_aWillis, Nathaniel Parker, _d1806-1867 |
|
| 700 | 1 |
_aLowell, James Russell, _d1819-1891 |
|
| 830 | 0 |
_aProject Gutenberg _v2147 |
|
| 856 | 4 | 0 | _uhttp://www.gutenberg.org/ebooks/2147 |
| 942 | _cEB | ||
| 999 |
_c231485 _d231485 |
||